Zelda Enemies By Picture: Twilight Princess - Statistics

General Stats
  • This quiz has been taken 12 times
    9 since last reset
  • The average score is 12 of 20
Answer Stats
Picture Answer % Correct
Bokoblin
100%
Poe
100%
Darknut
89%
Lizalfos
89%
Skulltula
89%
Deku Baba
78%
Aeralfos
67%
Armos
67%
Beamos
67%
Bulblin
67%
Gibdo
67%
Freezard
56%
Helmasaur
56%
Puppet
56%
Shadow Beast
56%
Bubble
44%
Moldorm
33%
Stalhound
22%
Toadpoli
22%
Shadow Kargarok
11%
No matching quizzes found
Score Distribution
Percent of People with Each Score
Percentile by Number Answered
Your Score History
You have not taken this quiz since the last reset